| 000 | 00645nam a22002057a 4500 | ||
|---|---|---|---|
| 005 | 20250227165442.0 | ||
| 008 | 241123b ||||| |||| 00| 0 eng d | ||
| 040 | _cAL | ||
| 041 | _aeng | ||
| 082 |
_223 _a378.14 _bSTAL |
||
| 100 |
_aSt Aloysius College _9202922 |
||
| 245 | _aSt Aloysius Colllege (Autonomous) Mangaluru: Annual Report 2020-2022 | ||
| 260 |
_aMangalore _bSt Aloysius College _c2022 |
||
| 300 |
_a452p. _bPB _c28x21cm. |
||
| 650 |
_aCollege Day-142 _9186221 |
||
| 650 |
_aHigher Education _9186222 |
||
| 650 |
_aSt Aloysius College (Autonomous) Mangalore _9202923 |
||
| 700 |
_aST ALOYSIUS COLLEGE _9186227 |
||
| 942 |
_2ddc _cDB |
||
| 999 |
_c231972 _d231972 |
||